Săn cá voi /
保存先:
| 第一著者: | |
|---|---|
| フォーマット: | Sách giấy |
| 言語: | Vietnamese |
| 出版事項: |
TP. HCM :
Trung tâm Nghiên cứu Việt Nam,
1961.
|
| タグ: |
タグ追加
タグなし, このレコードへの初めてのタグを付けませんか!
|
| Thư viện lưu trữ: | Thư viện Trường Đại học Đà Lạt |
|---|
| LEADER | 00627nam a2200277 4500 | ||
|---|---|---|---|
| 001 | DLU130150979 | ||
| 005 | ##20130903 | ||
| 040 | # | # | |a DLU |b vie |
| 041 | # | # | |a vie |
| 044 | # | # | |a vn |
| 082 | # | # | |a 813 |b ME-H |
| 100 | # | # | |a Melville, Herman. |
| 245 | # | # | |a Săn cá voi / |c Herman Melville. |
| 260 | # | # | |a TP. HCM : |b Trung tâm Nghiên cứu Việt Nam, |c 1961. |
| 300 | # | # | |a 741 tr. ; |c 24 cm. |
| 923 | # | # | |a 100/2013 |
| 991 | # | # | |a SH |
| 992 | # | # | |a 0 |
| 994 | # | # | |a DLU |
| 900 | # | # | |a True |
| 911 | # | # | |a Đào Thị Thu Huyền |
| 925 | # | # | |a G |
| 926 | # | # | |a A |
| 927 | # | # | |a SH |
| 980 | # | # | |a Thư viện Trường Đại học Đà Lạt |